Anatomía de la influencia : la literatura como modo de vida /

Con estudios sobre Shakespeare y Whitman como ejes centrales, en esta obra se revisa la literatura occidental desde los siglos XVI hasta el XX como un proceso creativo basado en influencias y rivalidades.

Guardat en:
Dades bibliogràfiques
Autor principal: Bloom, Harold (autor)
Format: Llibre
Idioma:espanyol
Publicat: México : Taurus, 2011, c2011
Matèries:
Etiquetes: Afegir etiqueta
Sense etiquetes, Sigues el primer a etiquetar aquest registre!

MARC

LEADER 00000nam^a2200000^a^4500
001 000321908
005 20250521000000.0
009 20260310113554.932
020 |a 978-607-11-1386-3 
037 |a Acervo ITESO - Biblioteca 
041 |a ESP 
082 |a 809. 001  |b BLO 
100 |a Bloom, Harold  |e (autor) 
245 1 0 |a Anatomía de la influencia :  |b la literatura como modo de vida /  |c H. Bloom ; tr. por Damià Alou. 
264 4 |a México :  |b Taurus,  |c 2011, c2011 
300 |a 444 p. 
336 |a texto  |b txt  |2 rdacontenido 
337 |a sin mediación  |b n  |2 rdamedio 
338 |a volumen  |b nc  |2 rdasoporte 
500 |a Traducción de: The Anatomy of Influence. Literature as a Way of Life 
520 |a Con estudios sobre Shakespeare y Whitman como ejes centrales, en esta obra se revisa la literatura occidental desde los siglos XVI hasta el XX como un proceso creativo basado en influencias y rivalidades. 
649 |a XX 
650 |a Escritores 
650 |a Creación (Literaria, Artística, etc.) -  |x Teoría -  |x Tema Principal 
650 |a Recepción y Apreciación del Arte -  |x Tema Principal 
650 |a Literatura -  |x Historia y Crítica 
650 |a Literatura -  |x Filosofía 
650 |a Shakespeare, William 
650 |a Whitman, Walt 
910 |a Fondo General 
920 |a Impresos - Libros 
930 |a Colección General 
940 |a Literatura 
905 |a 101 
901 |a 0500209005  |b IT1  |c LIT  |i C131569  |u 20250521 
902 |a https://opac.biblio.iteso.mx/vufind/Record/000321908